000 00779nam a2200229 a 4500
001 52756
003 BD-RjUL
005 20211209075845.0
008 160926s2001 bg ||||| |||| 00| 0 ben d
020 _a9848258914
_c: Tk. 70.00
035 _a(BD-RjUL)52876
040 _aBD-RjUL
_bben
_cBD-RjUL
041 _aben
082 _223
_a634.9
_bKAD 2001
100 _aকাদেরী, আমিনুর রশীদ
_9157766
245 1 0 _aদুটি পাতা একটি কুঁড়ি /
_cআমিনুর রশীদ কাদেরী
260 _aচট্টগ্রাম :
_bশৈলী প্রকাশন,
_c২০০১
300 _a৮০ পৃ. ;
_c২৩ সেমি.
650 _aচা
_9157767
650 _aTea
_9134830
942 _2ddc
_cBK
999 _c52756
_d52756